| 000 | 00350nam a2200133Ia 4500 | ||
|---|---|---|---|
| 008 | 240624s9999 xx 000 0 und d | ||
| 041 | _aeng | ||
| 082 | _a621.382 TRA | ||
| 100 | _aTRANTER WILLIAM H | ||
| 245 | _aPRINCIPLES OF COMMUNICATION SYSTEMS SIMU | ||
| 260 |
_c2004 _aDelhi _bPearson Education |
||
| 300 | _axxii, : 778 : cm. ; 24 | ||
| 365 | _cRS | ||
| 999 |
_c1760 _d1760 |
||